000 00617ngm a2200277 a 4500
003 OSt
005 20251020182700.0
008 240217s9999 xx 000 0 und d
040 _aPE SENCICO BE
040 _cPE SENCICO BE
041 _aspa
082 _aJ013
245 0 _aTecnología de Información Espacial /
245 0 _cINTERGRAPH
260 _bINTERGRAPH
260 _c1999
300 _a1 VIDEO
300 _bson., Col.
300 _c56'
490 _aINFORMACION GEOGRAFICA
511 _aHernández, Sergio
650 _aGPS
651 _aEE.UU.
910 _aila.
942 _cVID
_2ddc
999 _c4791
_d4791